| 000 | 00373nam a22001217a 4500 | ||
|---|---|---|---|
| 020 | _a0671201565 | ||
| 082 |
_a530 _bEIN |
||
| 100 | _aEinstein , Albert | ||
| 245 |
_aThe Evolution of Physics : _bfrom early concept to relativity and quanta / _c Albert Einstein |
||
| 260 |
_aNew York, _bSimon, Schuster _c1966. |
||
| 300 |
_axv ;297p. ; _bPaperback |
||
| 942 |
_2ddc _cBK |
||
| 999 |
_c594281 _d594281 |
||